Poison - "Every Rose Has Its Thorn" Lyrics - Statistics

General Stats
  • This quiz has been taken 791 times
  • The average score is 162 of 278
Answer Stats
Lyric % Correct
I
99%
Ever
98%
Has
98%
It
98%
Rose
98%
Tho'
98%
Every
97%
Its
97%
It's
97%
Thorn
97%
A
92%
So
84%
The
81%
Like
77%
Song
76%
Cowboy
74%
Sad
74%
Just
72%
Sings
72%
Night
70%
To
67%
Dawn
66%
You
66%
We
65%
In
61%
He
57%
That
56%
And
55%
His
53%
Me
52%
Of
52%
My
50%
Not
50%
Say
49%
They
49%
Be
46%
Was
46%
Did
45%
Lie
45%
Love
45%
Said
45%
Why
45%
Hear
43%
Know
43%
Out
43%
But
42%
Come
42%
Or
42%
Both
41%
Feel
41%
Go
40%
Right
40%
Still
40%
Somethin'
39%
Dead
38%
Hurt
38%
Inside
38%
Words
38%
Apart
37%
Guess
37%
Miles
37%
That's
36%
Together
36%
Tried
36%
Can
35%
On
35%
Close
34%
Does
32%
Now
32%
Something
32%
This
31%
Have
30%
Been
28%
Though
28%
If
27%
Much
27%
Our
27%
Yea
27%
Could
25%
Knife
24%
What
24%
Although
23%
Cuts
23%
See
23%
Pain
22%
Silently
22%
Here
21%
Radio
21%
Felt
20%
Never
19%
While
19%
Easy
18%
Listen
18%
Remains
17%
Scar
17%
Up
17%
Dj
16%
Wonder
16%
Game
15%
Let
14%
Meant
14%
Playin'
14%
Wound
14%
Love's
13%
Made
13%
New
13%
You'd
13%
Heals
12%
I'd
12%
Somebody
12%
Somehow
12%
Ways
12%
Found
11%
Tears
11%
Instead
10%
Making
10%
Separate
10%
Favourite
8%
You've
8%
Saved
7%
No matching quizzes found
Score Distribution
Percent of People with Each Score
Percentile by Number Answered
Your Score History
You have not taken this quiz